Villon, connaisance des lettres

में बचाया:
ग्रंथसूची विवरण
मुख्य लेखक: Gentil, Pierre Le
स्वरूप: पुस्तक
भाषा:Undetermined
प्रकाशित: París, Francia Hatier 1967
विषय:
टैग: टैग जोड़ें
कोई टैग नहीं, इस रिकॉर्ड को टैग करने वाले पहले व्यक्ति बनें!

MARC

LEADER 00000nam a2200000Ia 4500
008 170316s9999 xx 000 0 und d
040 |a cru BVZT 
090 |a 840 G-4v 
100 |a Gentil, Pierre Le 
245 |a Villon, connaisance des lettres 
260 |a París, Francia 
260 |b Hatier 
260 |c 1967 
300 |a 159 páginas 
650 |a LITERATURA FRANCESA 
999 |c 7709  |d 7709 
942 |c 15 D  |h 840 G-4v  |2 z